00480nam a2200169 i 4500001000400000100002300004245004700027260004600074300002100120490002400141650003500165830002400200020002900224040000800253041000800261008004100269bgj1 aPOHLMAN, M. David.10aThe Problem of Virtue /cM. David Pohlman. aNew York :bSt. Martin's Press,cc. 1989. a168 pp ;c22 cm.1 aA Thomas Dunne Book 9aAmerican fictiony20th century aA Thomas Dunne Book a0312026331 (hbk, jacket) cBPK0 aeng s uk f |000 0 eng